000 01018nam a2200301 i 4500
001 vtls000789665
003 PNM
005 20201020141740.0
008 151103t19931993mau e b 001 0 eng d
020 _a9781633691063
_qhardback
039 9 _a201610271201
_bfadzli
_c201608301604
_dhazwani
040 _aPNM
_beng
_cPNM
_erda
_dPPAK
082 0 4 _a658.4022
_223
090 0 0 _a658.4022
_bKAT
_dG
100 1 _aKatzenbach, Jon R.,
_eauthor.
245 1 4 _aTHE WISDOM OF TEAMS :
_bCREATING THE HIGH-PERFORMANCE ORGANIZATION /
_cJON R. KATZENBACH, DOUGLAS K. SMITH
264 1 _aBoston, Massachusetts :
_bHarvard Business Review Press,
_c[1993]
264 4 _c©1993
300 _axviii, 295 pages ;
_c25 cm
336 _atext
_2rdacontent
337 _aunmediated
_2rdamedia
338 _avolume
_2rdacarrier
504 _aIncludes bibliographical references (pages [279]-280) and index
650 1 0 _aTeams in workplace
700 1 _aSmith, Douglas K.,
_eauthor.
942 _2ddc
_cB
949 _63000030544
_e2360608
999 _c179603
_d179603